Sports Quiz

Random Sports or Rugby Quiz
Score 0/10 Timer 05:00
0 Plays Today
Position - Games Played Answer % Correct
Flanker - 148Richie McCaw
97.5%
Number 8 - 122Kieran Read
87.5%
Fly-Half - 112Dan Carter
87.5%
Centre - 103Ma'a Nonu
85%
Prop - 108Owen Franks
82.5%
Centre - 94Conrad Smith
80%
Prop - 118Tony Woodcock
75%
Lock - 112Sam Whitelock
75%
Fullback - 100Mils Muliaina
75%
Hooker - 132Keven Mealamu
67.5%

You're not logged in!

Compare scores with friends on all Sporcle quizzes.
OR
Log In

Sporcle TV

Today on Sporcle TV


Watch our educational content, quiz creation guides, and fun videos on Sporcle TV.

Show Comments

Extras

Created Sep 26, 2019ReportNominate
Tags:Rugby Quiz

Top Quizzes Today


Score Distribution

Paid Content

Your Account Isn't Verified!

In order to create a playlist on Sporcle, you need to verify the email address you used during registration. Go to your Sporcle Settings to finish the process.

Report this User

Report this user for behavior that violates our Community Guidelines.

Details: